000 00783nam a2200253Ia 4500
003 OSt
005 20220928125840.0
006 a|||||r|||| 00| 0
007 ta
008 220927b |||||||| |||| 00| 0 eng d
020 _c14406
024 _a129649
037 _b166, 16/02/2016, Excel Book International
_cTextual
040 _aSDCL
_cSDCL
_beng
041 _2eng
_aeng
082 _aG:424:F3, Q6
100 _aSandle Tim
_9471877
245 0 _aPharmaceutical microbiology
_b Essentials for quality assurance and quality control
260 _aAmsterdam
_bElsevier
_c2016
300 _axviii;298p
_ccm.
650 _aMicrobiology
942 _hG:424:F3, Q6
_cTEXL
_2CC
999 _c784454
_d784454